Vista normal
Vista MARC
Entrada Materia (personas)
Número de registros utilizados en: 7
001 - CONTROL NUMBER
- control field: 40274
003 - CONTROL NUMBER IDENTIFIER
- control field: Co-BoUCM
005 - DATE AND TIME OF LATEST TRANSACTION
- control field: 20130710143934.0
008 - FIXED-LENGTH DATA ELEMENTS
- fixed length control field: 130710|| aca||aabn | a|a d
040 ## - CATALOGING SOURCE
- Original cataloging agency: Co-BoUCM
- Transcribing agency: Co-BoUCM
100 ## - HEADING--PERSONAL NAME
- Personal name: Alcántara, Ricardo
670 ## - SOURCE DATA FOUND
- Source citation: Work cat.: (Co-BoUCM)167302: Alcántara, Ricardo , ¿Quién usa las papeleras?, 2007